000
00348cam a2200157ua 4500
001
5499
008
060101n II |||gr||||Z||||||asm
040
_a
MAIN
041
_a
English
082
_a
330 AAL
100
_a
AALAM, KHURSED.
245
_a
SNATAK MOHOLAR ARTHATATTWA
260
_a
[s.l:
_b
s.n.]
_c
1992.
300
_a
108:
_c
20CM.
942
_c
BK
999
_c
5484
_d
5484